| 000 | 01364nkm a2200301 i 4500 | ||
|---|---|---|---|
| 001 | 4269 | ||
| 003 | ES-MaACL | ||
| 005 | 20250713063000.0 | ||
| 007 | khrbo | ||
| 008 | 070705s1988 sp --- g |001||spa d | ||
| 100 | 0 |
_aAlfonso, _d1902-1990 _919858 |
|
| 245 | 1 | 3 |
_aEl discurso analítico en el tiempo de la ciencia [ _hFotografía] / _cAlfonso (sello). |
| 260 |
_a[S.l. : _bs.n.], _c1988. |
||
| 300 |
_a2 fot. : _bb. y n. ; _c12 x 18 cm. |
||
| 490 | 1 | _aCiclo de mesas redondas sobre el panorama actual del psicoanálisis | |
| 500 | _aDatos basados en invitación. | ||
| 511 | 0 | _aIntervienen: Jorge Alemán, Sergio Larriera; presenta: Félix García-Villanova. | |
| 518 | _aActo organizado por la Sección de Psicología del Ateneo de Madrid, celebrado en la sala de conferencias el martes, 5 de abril de 1988, a las 20:00 h. | ||
| 600 | 1 | 4 |
_aAlemán, Jorge. _919712 |
| 600 | 1 | 4 |
_aLarriera, Sergio. _970350 |
| 600 | 1 | 4 |
_aGarcía-Villanova, Félix. _955408 |
| 610 | 2 | 4 |
_aAteneo de Madrid- _xActos culturales- _y1988- _vFotografías. _91903 |
| 710 | 2 |
_aAteneo de Madrid. _bSección de Psicología. _92008 |
|
| 830 | 0 |
_aCiclo de mesas redondas sobre el panorama actual del psicoanálisis _9177024 |
|
| 852 |
_aES-MaACL _jFOT 83/1988 |
||
| 856 | 4 |
_uhttp://www.ateneodemadrid.net/biblioteca_digital/imagenes/1988/0083-1988.jpg _zVer imagen |
|
| 999 |
_c4269 _d4269 |
||